000 00617nam a2200169 a 4500
008 120724s2012 ||||||||||||||||| || u
020 _a9789211422825
050 _aUN-ODA(02)
100 _aGillis, Melissa
245 1 0 _aDisarmament: a basic guide. -- 3rd ed.
_cby Melissa Gillis
250 _a3rd ed.
260 _aNew York:
_bUnited Nations Office for Disarmament Affairs (UNODA)
_c2012
300 _av, 117p.: ill.
500 _aBibliography
650 _aDISARMAMENT
995 _FCBU-MAIN LIBRARY (Kitwe)
_M1
_UAVAILABLE
_WMay 28, 2013
_ZInternational Publications
999 _c40253
_d40253